书目信息 |
| 题名: |
一本书读懂汉字
|
|
| 作者: | 张素凤 , 郑艳玲 , 张学鹏 著 | |
| 分册: | ||
| 出版信息: | 北京 中华书局 2012.8 |
|
| 页数: | 340页 | |
| 开本: | 24cm | |
| 丛书名: | ||
| 单 册: | ||
| 中图分类: | H12-49 | |
| 科图分类: | ||
| 主题词: | 汉字--通俗读物 , 汉字 | |
| 电子资源: | ||
| ISBN: | 978-7-101-08703-1 | |
| 000 | 00764nam0 2200253 45 | |
| 001 | 1359705265 | |
| 005 | 20130529090927.15 | |
| 010 | @a978-7-101-08703-1@dCNY38.00 | |
| 100 | @a20130513d2012 ekmy0chiy0120 ea | |
| 101 | 0 | @achi |
| 102 | @aCN@b110000 | |
| 105 | @ay z 000yy | |
| 106 | @ar | |
| 200 | 1 | @a一本书读懂汉字@AYi Ben Shu Dou Dong Han Zi@f张素凤,郑艳玲,张学鹏著@FZhang Su Feng, Zheng Yan Ling, Zhang Xue Peng Zhu |
| 210 | @a北京@c中华书局@d2012.8 | |
| 215 | @a340页@d24cm | |
| 606 | 0 | @a汉字@j通俗读物 |
| 606 | 0 | @a汉字 |
| 690 | @aH12-49@v5 | |
| 701 | 0 | @a张素凤@AZhang Su Feng@4著 |
| 701 | 0 | @a郑艳玲@AZheng Yan Ling@4著 |
| 701 | 0 | @a张学鹏@AZhang Xue Peng@4著 |
| 801 | @aCN@bTANGWEI@c20130522 | |
| 905 | @b0833398-401@dH12-49@e158@f4 | |
| 一本书读懂汉字/张素凤,郑艳玲,张学鹏著.-北京:中华书局,2012.8 |
| 340页;24cm |
| ISBN 978-7-101-08703-1:CNY38.00 |
| ● |
| 相关链接 |
|
|
|
|
正题名:一本书读懂汉字
索取号:H12-49/158
 
预约/预借
| 序号 | 登录号 | 条形码 | 馆藏地/架位号 | 状态 | 备注 |
| 1 | 0833398 | 208333980 | 第二样本阅览室/ [索取号:H12-49/158] | 在馆 | |
| 2 | 0833399 | 208333999 | 第四借阅区/ [索取号:H12-49/158] | 在馆 | |
| 3 | 0833400 | 208334006 | 密集书库-文学院/ [索取号:H12-49/158] | 在馆 | |
| 4 | 0833401 | 208334015 | 第四借阅区/ [索取号:H12-49/158] | 在馆 |